Score 0/20 Timer 01:00
1 Play Today
Mixed Word Animal % Correct
UCKDDuck
87.1%
REDEDeer
86.3%
TAGOGoat
86%
DBIRBird
85.4%
IFHSFish
84.6%
BERABear
84.3%
NLOILion
84%
RGOFFrog
83.9%
SABSBass
83.9%
ELMOMole
82.5%
Mixed Word Animal % Correct
FLOWWolf
81.8%
WIIKKiwi
81%
ELMUMule
80.8%
HAERHare
80.4%
TDOAToad
80.3%
ESALSeal
77%
GASTStag
74%
SIBIIbis
67.2%
WHKAHawk
65.7%
ROCAOrca
43.8%
Remove Ads.
Support Sporcle.
Get the best of Sporcle when you Go Orange. This ad-free experience offers more features, more stats, and more fun while also helping to support Sporcle. Thank you for becoming a member.

You're not logged in!

Compare scores with friends on all Sporcle quizzes.
OR
Log In

Show Comments

Extras

Top Quizzes Today


Score Distribution

Your Account Isn't Verified!

In order to create a playlist on Sporcle, you need to verify the email address you used during registration. Go to your Sporcle Settings to finish the process.

Report this User

Report this user for behavior that violates our Community Guidelines.

Details: